ՀՀ Գիտությունների ազգային ակադեմիայի հիմնարար գիտական գրադարան  =   Fundamental Scientific Library of NAS RA

Нормы расхода запасных частей на ремонт экскаваторов / (Record no. 245354)

MARC details
000 -LEADER
fixed length control field 00874nam a2200193 u 4500
001 - CONTROL NUMBER
control field 000596870
003 - CONTROL NUMBER IDENTIFIER
control field AM-YeHGA
005 - DATE AND TIME OF LATEST TRANSACTION
control field 20250617141805.0
008 - FIXED-LENGTH DATA ELEMENTS--GENERAL INFORMATION
fixed length control field 080902s1958 ||| r 000 0 rus d
040 ## - CATALOGING SOURCE
Original cataloging agency AM-YeHGA
041 0# - LANGUAGE CODE
Language code of text/sound track or separate title rus
090 ## - LOCALLY ASSIGNED LC-TYPE CALL NUMBER (OCLC); LOCAL CALL NUMBER (RLIN)
-- 246940
245 00 - TITLE STATEMENT
Title Нормы расхода запасных частей на ремонт экскаваторов /
Statement of responsibility, etc. Росглавтяжмашснабсбыт при госплане РСФСР; Всесоюзная техническая контора контора "Союзстроймехзапчасть".
260 ## - PUBLICATION, DISTRIBUTION, ETC.
Place of publication, distribution, etc. Москва :
Name of publisher, distributor, etc. Б.и.,
Date of publication, distribution, etc. 1958.
300 ## - PHYSICAL DESCRIPTION
Extent 332 с. :
Other physical details табл.
653 0# - INDEX TERM--UNCONTROLLED
Uncontrolled term Экскаваторы - Ремонт
653 0# - INDEX TERM--UNCONTROLLED
Uncontrolled term Нормы на расхода запасных частей
710 2# - ADDED ENTRY--CORPORATE NAME
Corporate name or jurisdiction name as entry element Росглавтяжмашснабсбыт при госплане РСФСР
Holdings
Withdrawn status Lost status Damaged status Not for loan Collection Home library Current library Date acquired Cost, normal purchase price Total checkouts Full call number Barcode Date last seen Price effective from Koha item type Public note
        General Fundamental Scientific Library Fundamental Scientific Library 28/12/2016 2.00   PI/1034 FL0071654 28/12/2016 28/12/2016 Գրքեր / Books 30 Days Loan


ՀՀ ԳԱԱ հիմնարար գիտական գրադարան
ՀՀ,Երևան 0019
Մարշալ Բաղրամյան 24/6
հեռախոս:(374-10) 52-47-50
Հետադարձ կապ

All site content, except where otherwise noted, is licensed under a
Creative Commons License